header

Dreams that matter (Record no. 246439)

MARC details
000 -LEADER
fixed length control field 01774nam a2200385 a 4500
082 04 - DEWEY DECIMAL CLASSIFICATION NUMBER
Classification number 154.6/3096216
100 1# - MAIN ENTRY--AUTHOR NAME
Personal name Mittermaier, Amira,
245 10 - TITLE STATEMENT
Title Dreams that matter
260 ## - PUBLICATION, DISTRIBUTION, ETC. (IMPRINT)
Place of publication Berkeley :
Name of publisher University of California Press,
Year of publication 2011.
300 ## - PHYSICAL DESCRIPTION
Number of Pages xv, 308 p. :
Other physical details ill.
505 0# - FORMATTED CONTENTS NOTE
Formatted contents note Introduction : studying dreams in undreamy times -- Dream trouble -- Thresholds of interpretation -- Seeing the (in)visible -- Poetry and prophecy -- The ethics of the visitational dream -- Royal road into the unknown -- Virtual realities, visionary realities -- Afterword : the politics of dreaming.
650 #0 - SUBJECT ADDED ENTRY--TOPICAL TERM
Topical Term Dreams
Topical Term Dream interpretation
Topical Term Dreams
Topical Term Ethnopsychology
856 40 - ELECTRONIC LOCATION AND ACCESS
Uniform Resource Identifier http://site.ebrary.com/lib/rucke/Doc?id=10443369

No items available.

© 2026 Rongo University
Contact us: librarian | system librarian | Rongo university